| 000 | 00449nam a2200157 i 4500 | ||
|---|---|---|---|
| 001 | 70006 | ||
| 003 | ES-MaACL | ||
| 005 | 20230906170704.0 | ||
| 007 | t| | ||
| 008 | 040714s1977 sp ||||1| spa d | ||
| 100 | 1 |
_aGarcía Martínez, Manuel. _954915 |
|
| 245 | 1 | 0 |
_aRadiografías de la vida _b: I : encuentros / _cManuel García Martínez. |
| 260 |
_aLeón : _b[s.n., _c1977] |
||
| 300 |
_a144 p. ; _c17 cm. |
||
| 852 |
_aES-MaACL _jA-7933 _bR.97188 |
||
| 999 |
_c70006 _d70006 |
||